NCIS Characters Quiz Stats

 Plays Quiz not verified by Sporcle

Support Sporcle.
Go Orange.
Score 0/30 Timer 04:00
1 Play Today
% Correct
Jethro Gibbs
94.3%
Abby Sciuto
93.7%
Tony DiNozzo
93.5%
Tim McGee
93.4%
Ziva David
93.4%
Ducky Mallard
93.2%
Leon Vance
91.9%
Jimmy Palmer
91.8%
Tobias Fornell
91.3%
Ellie Bishop
90.2%
Kate Todd
88.8%
Nick Torres
88.8%
Mike Franks
88.1%
Jenny Shepard
87.1%
Anthony DiNozzo
85.2%
% Correct
Jackson Gibbs
84.7%
Clayton Reeves
83.4%
Trent Kort
82.4%
Jeanne Benoit
82.4%
Michelle Lee
82.3%
Ned Dorneget
80.8%
Delilah Fielding
80.1%
Alex Quinn
79.4%
Gerald Jackson
78.3%
Jack Sloane
76.7%
Kasie Hines
76.6%
Tom Morrow
75.7%
Cynthia Sumner
70.1%
Hollis Mann
69.3%
Samantha Ryan
67.4%

You're not logged in!

Compare scores with friends on all Sporcle quizzes.
OR
Log In

From the Vault

Identify the Landmark/Landform Decoy

by senordingdong

Uluru, or a sound stage in California...?
Remove Ads.
Support Sporcle.
Get the best of Sporcle when you Go Orange. This ad-free experience offers more features, more stats, and more fun while also helping to support Sporcle. Thank you for becoming a member.

Show Comments

Extras

Top Quizzes Today


Score Distribution

Your Account Isn't Verified!

In order to create a playlist on Sporcle, you need to verify the email address you used during registration. Go to your Sporcle Settings to finish the process.

Report this User

Report this user for behavior that violates our Community Guidelines.

Details: